00446nam a22001577a 450000500170000001000150001702000250003203500140005703700130007108200080008410000190009224500360011126000480014727000730019530000200026820220909105604.0 aENG-134995 a9788195517534c99.00 aEN-118527 bDBAD/PUB a881 aSarkar, Rashmi aMyraid Feelings/cRashmi Sarkar aAssambGuwahati Grand Poetry Festivalc2021 aHouse No. 09, Dr. Bhupen Hazarika Road, KharghulibKharghulie781004 a48p.c21cm(pbk)